[Event "Cuiaba Contaud op"]
[Site "Cuiaba"]
[Date "2023.11.02"]
[Round "2"]
[White "Pimentel, Lucas Dos Santos"]
[Black "Araujo, Everson de Moura"]
[Result "1-0"]
[WhiteElo "1473"]
[BlackElo "1908"]
[PlyCount "93"]
[EventDate "2023.11.02"]
[EventType "swiss"]
[EventRounds "7"]
[EventCountry "BRA"]
[SourceTitle "CB46_2023"]
[SourceDate "2023.11.15"]
[SourceVersion "1"]
[SourceVersionDate "2023.11.15"]
[SourceQuality "1"]

1. d4 Nf6 2. Bf4 g6 3. Nf3 Bg7 4. e3 c5 5. c3 Qb6 6. Qb3 0-0 7. Be2 d6 8. Nbd2 Bf5 9. 0-0 Nbd7 10. Rfe1 Rfc8 11. Bc4 Qxb3 12. Bxb3 d5 13. Rac1 b5 14. Ne5 Nb6 15. dxc5 Rxc5 16. e4 Be6 17. Nd3 Rcc8 18. e5 Nfd7 19. Bg5 Kf8 20. Nf4 Nc5 21. Nxe6+ Nxe6 22. Be3 Nc4 23. Nxc4 bxc4 24. Ba4 Nc5 25. Bxc5 Rxc5 26. e6 Rb8 27. b4 cxb3 28. Bxb3 Rbc8 29. g3 Bxc3 30. Re3 fxe6 31. Rxe6 d4 32. Rd1 R8c6 33. Re4 Rd6 34. Rd3 a5 35. Be6 Rcc6 36. Rf4+ Kg7 37. Rf7+ Kh6 38. Bb3 e5 39. g4 e4 40. Rh3+ Kg5 41. Rhxh7 e3 42. h4+ Kxg4 43. Bd1+ Kh3 44. Rf4 exf2+ 45. Rxf2 Rf6 46. Rg2 Rce6 47. Bg4# 1-0

[Event "Titled Tuesday intern op 16th May Late"]
[Site "Chess.com INT"]
[Date "2023.05.16"]
[Round "7"]
[White "Rangel, Daniel"]
[Black "Araujo, Everson de Moura"]
[Result "1/2-1/2"]
[WhiteElo "2207"]
[BlackElo "1944"]
[PlyCount "63"]
[EventDate "2023.05.16"]
[EventType "swiss (blitz)"]
[EventRounds "11"]
[EventCountry "USA"]
[SourceTitle "CBM 214 Extra"]
[Source "ChessBase"]
[SourceDate "2023.07.31"]
[SourceVersion "1"]
[SourceVersionDate "2023.07.31"]
[SourceQuality "1"]

1. e4 e6 2. d4 d5 3. Nd2 Nc6 4. Ngf3 Nf6 5. exd5 exd5 6. Bb5 Bd6 7. 0-0 0-0 8. Bxc6 bxc6 9. Ne5 c5 10. c3 cxd4 11. cxd4 Re8 12. Nd3 Bf5 13. Nb3 Bxh2+ 14. Kxh2 Ng4+ 15. Kg3 Qf6 16. f3 Ne3 17. Bxe3 Rxe3 18. Ndc5 Rae8 19. Kh2 Qh4+ 20. Kg1 Re2 21. Nc1 Re1 22. N1b3 Rxd1 23. Raxd1 Re2 24. Nc1 Rxg2+ 25. Kxg2 Bh3+ 26. Kh2 Bxf1+ 27. Kg1 Qh3 28. Rxf1 Qg3+ 29. Kh1 Qh3+ 30. Kg1 Qg3+ 31. Kh1 Qh3+ 32. Kg1 1/2-1/2

[Event "Titled Tuesday intern op 04th Apr Late"]
[Site "Chess.com INT"]
[Date "2023.04.04"]
[Round "3"]
[White "Araujo, Everson de Moura"]
[Black "Jovic, Stanoje"]
[Result "0-1"]
[WhiteElo "1944"]
[BlackElo "2087"]
[PlyCount "49"]
[EventDate "2023.04.04"]
[EventType "swiss (blitz)"]
[EventRounds "11"]
[EventCountry "USA"]
[SourceTitle "EXT 2024"]
[Source "ChessBase"]
[SourceDate "2023.10.10"]
[SourceVersion "1"]
[SourceVersionDate "2023.10.10"]
[SourceQuality "1"]

1. d4 Nf6 2. Nc3 d5 3. Bf4 e6 4. Nb5 Na6 5. e3 c6 6. Nc3 Bb4 7. Qd3 Ne4 8. f3 Nxc3 9. bxc3 Bd6 10. Ne2 b5 11. h4 0-0 12. g4 f6 13. g5 e5 14. dxe5 fxe5 15. g6 exf4 16. gxh7+ Kh8 17. h5 Bf5 18. e4 dxe4 19. fxe4 Nc5 20. Qd4 Ne6 21. Qf2 Bxe4 22. Rg1 Qf6 23. Bg2 f3 24. Bxf3 Bxf3 25. h6 0-1

[Event "Titled Tuesday intern op 04th Apr Late"]
[Site "Chess.com INT"]
[Date "2023.04.04"]
[Round "4"]
[White "Ljubarov, Mark"]
[Black "Araujo, Everson de Moura"]
[Result "1-0"]
[WhiteElo "2286"]
[BlackElo "1944"]
[PlyCount "55"]
[EventDate "2023.04.04"]
[EventType "swiss (blitz)"]
[EventRounds "11"]
[EventCountry "USA"]
[SourceTitle "EXT 2024"]
[Source "ChessBase"]
[SourceDate "2023.10.10"]
[SourceVersion "1"]
[SourceVersionDate "2023.10.10"]
[SourceQuality "1"]

1. d4 d5 2. c4 e6 3. Nf3 Nf6 4. g3 Be7 5. Bg2 0-0 6. 0-0 dxc4 7. Ne5 Qd6 8. Nxc4 Qa6 9. Ne5 Rd8 10. Nc3 c5 11. e3 Nc6 12. Nxc6 bxc6 13. Qf3 cxd4 14. exd4 Rxd4 15. Qxc6 Qxc6 16. Bxc6 Rb8 17. Be3 Rc4 18. Bg2 Rxb2 19. Rfc1 Rcb4 20. Nd1 Ba6 21. Nxb2 Rxb2 22. Bxa7 h5 23. a4 Bd3 24. a5 Be4 25. Bd4 Rd2 26. Bxf6 Bxf6 27. Bxe4 Bxa1 28. Rc8+ 1-0

[Event "Titled Tuesday intern op 28th Mar Late"]
[Site "Chess.com INT"]
[Date "2023.03.28"]
[Round "2"]
[White "Araujo, Everson de Moura"]
[Black "Karwowski, Kacper"]
[Result "1-0"]
[WhiteElo "1944"]
[BlackElo "2164"]
[PlyCount "41"]
[EventDate "2023.03.28"]
[EventType "swiss (blitz)"]
[EventRounds "11"]
[EventCountry "USA"]
[SourceTitle "EXT 2024"]
[Source "ChessBase"]
[SourceDate "2023.10.10"]
[SourceVersion "1"]
[SourceVersionDate "2023.10.10"]
[SourceQuality "1"]

1. d4 d5 2. Nc3 c5 3. Nf3 Nc6 4. e3 cxd4 5. exd4 a6 6. Bf4 Bg4 7. Be2 e6 8. 0-0 Bxf3 9. Bxf3 Qb6 10. Bxd5 Nxd4 11. Be3 exd5 12. Bxd4 Qc6 13. Re1+ Ne7 14. Qe2 0-0-0 15. b3 Nf5 16. Qg4 Qg6 17. Qxg6 hxg6 18. Be5 f6 19. Bf4 Bb4 20. Na4 Bxe1 21. Nb6# 1-0

[Event "Titled Tuesday intern op 28th Mar Late"]
[Site "Chess.com INT"]
[Date "2023.03.28"]
[Round "9"]
[White "Araujo, Everson de Moura"]
[Black "Necula, Iulian"]
[Result "1-0"]
[WhiteElo "1944"]
[BlackElo "1880"]
[PlyCount "61"]
[EventDate "2023.03.28"]
[EventType "swiss (blitz)"]
[EventRounds "11"]
[EventCountry "USA"]
[SourceTitle "EXT 2024"]
[Source "ChessBase"]
[SourceDate "2023.10.10"]
[SourceVersion "1"]
[SourceVersionDate "2023.10.10"]
[SourceQuality "1"]

1. d4 d6 2. Nc3 g6 3. e4 c6 4. f4 b5 5. e5 Bg7 6. Nf3 b4 7. Ne4 Bb7 8. Bd3 f5 9. Neg5 Bc8 10. e6 Nh6 11. Bc4 d5 12. Bd3 0-0 13. Qe2 Qd6 14. 0-0 Rf6 15. Re1 Na6 16. Bxa6 Bxa6 17. Qxa6 Ng4 18. h3 Nh6 19. Qb7 Rff8 20. Ne5 c5 21. Nef7 Qb6 22. Qxd5 Bxd4+ 23. Kh1 Bf6 24. Nxh6+ Kg7 25. Nhf7 h6 26. Be3 hxg5 27. fxg5 Bd4 28. Bxd4+ cxd4 29. Rad1 b3 30. Qe5+ Kg8 31. Qh8# 1-0

[Event "Titled Tuesday intern op 28th Mar Late"]
[Site "Chess.com INT"]
[Date "2023.03.28"]
[Round "3"]
[White "Hajiyev, Kanan"]
[Black "Araujo, Everson de Moura"]
[Result "1-0"]
[WhiteElo "2183"]
[BlackElo "1944"]
[PlyCount "79"]
[EventDate "2023.03.28"]
[EventType "swiss (blitz)"]
[EventRounds "11"]
[EventCountry "USA"]
[SourceTitle "EXT 2024"]
[Source "ChessBase"]
[SourceDate "2023.10.10"]
[SourceVersion "1"]
[SourceVersionDate "2023.10.10"]
[SourceQuality "1"]

1. d4 d5 2. Nf3 Nf6 3. c4 e6 4. cxd5 exd5 5. Nc3 c6 6. Qc2 h6 7. Bf4 Bd6 8. Bxd6 Qxd6 9. e3 0-0 10. Bd3 Re8 11. 0-0 Nbd7 12. Rab1 a5 13. Ne2 Ne4 14. Ng3 Ndf6 15. Ne5 Nxg3 16. hxg3 Be6 17. a3 Nd7 18. Nxd7 Qxd7 19. b4 axb4 20. axb4 b5 21. Rfc1 Ra6 22. Qc5 Qb7 23. Qd6 Qd7 24. Qc5 Rc8 25. Rb2 Bf5 26. Bf1 Qb7 27. Rb3 Bd7 28. Rbc3 Rca8 29. Qe7 Bc8 30. Qd6 Qd7 31. Qe5 Bb7 32. Be2 Re8 33. Qf4 Rea8 34. Bg4 Qe8 35. Qc7 Qb8 36. Qe7 Qd8 37. Qe5 Ra4 38. Rb3 Ra2 39. Bf5 Rd2 40. Bb1 1-0

[Event "Titled Tuesday intern op 7th Mar Early"]
[Site "Chess.com INT"]
[Date "2023.03.07"]
[Round "2"]
[White "Gonzalez, Francisco Silva"]
[Black "Araujo, Everson de Moura"]
[Result "1-0"]
[WhiteElo "2021"]
[BlackElo "1944"]
[PlyCount "115"]
[EventDate "2023.03.07"]
[EventType "swiss (blitz)"]
[EventRounds "11"]
[EventCountry "USA"]
[SourceTitle "EXT 2024"]
[Source "ChessBase"]
[SourceDate "2023.10.10"]
[SourceVersion "1"]
[SourceVersionDate "2023.10.10"]
[SourceQuality "1"]

1. d4 d5 2. c4 e6 3. Nc3 Nf6 4. Bg5 Be7 5. e3 0-0 6. Nf3 a6 7. a3 dxc4 8. Bxc4 b5 9. Ba2 Bb7 10. Qc2 h6 11. Bh4 Nbd7 12. Rd1 c6 13. Bb1 Qb6 14. Ne5 g5 15. Bg3 Rfd8 16. Nxf7 Kxf7 17. Qg6+ Kf8 18. Qxh6+ Kg8 19. Qxg5+ Kf7 20. Bg6+ Kf8 21. Qh6+ Kg8 22. Ne4 Bf8 23. Qg5 Bg7 24. Be5 Nxe4 25. Bxe4 Nxe5 26. dxe5 Rxd1+ 27. Kxd1 Qd8+ 28. Qxd8+ Rxd8+ 29. Ke2 Bxe5 30. b4 Bb2 31. f4 Bxa3 32. Rb1 Ra8 33. Rb3 Bc1 34. Rc3 Bb2 35. Rc2 Bf6 36. g4 a5 37. g5 Bg7 38. bxa5 Rxa5 39. Bxc6 Bxc6 40. Rxc6 Ra2+ 41. Kf3 b4 42. Rxe6 b3 43. Rb6 b2 44. g6 Ra1 45. Rb8+ Bf8 46. Rxb2 Rf1+ 47. Kg4 Rg1+ 48. Kf5 Re1 49. e4 Rf1 50. Rb8 Kg7 51. Rb7+ Kg8 52. e5 Bc5 53. Ke4 Ba3 54. f5 Bc1 55. f6 Rf4+ 56. Kd5 Ba3 57. Rb8+ Bf8 58. g7 1-0

[Event "Titled Tuesday intern op 31st Jan Late"]
[Site "Chess.com INT"]
[Date "2023.01.31"]
[Round "2"]
[White "Araujo, Everson de Moura"]
[Black "Golubev, Mikhail"]
[Result "0-1"]
[WhiteElo "1944"]
[BlackElo "2461"]
[PlyCount "106"]
[EventDate "2023.01.31"]
[EventType "swiss (blitz)"]
[EventRounds "11"]
[EventCountry "USA"]
[SourceTitle "CBM 212 Extra"]
[Source "ChessBase"]
[SourceDate "2023.03.31"]
[SourceVersion "1"]
[SourceVersionDate "2023.03.31"]
[SourceQuality "1"]

1. c4 g6 2. Nc3 Bg7 3. g3 e5 4. Bg2 Nc6 5. e4 d6 6. Nge2 f5 7. exf5 Bxf5 8. d4 exd4 9. Bxc6+ bxc6 10. Nxd4 Qe7+ 11. Be3 Bd7 12. 0-0 Nf6 13. Re1 0-0 14. Bh6 Qf7 15. Bxg7 Kxg7 16. Qf3 Qxc4 17. Nc2 Nd5 18. Qe2 Qxe2 19. Nxe2 Rae8 20. Ned4 c5 21. Rxe8 Rxe8 22. Nf3 Re2 23. Rc1 Bf5 24. Nfe1 a5 25. Kf1 Rd2 26. b3 Bh3+ 27. Kg1 Nc3 28. Nf3 Ne2+ 29. Kh1 Nxc1 30. Nxd2 Nxa2 31. Ne4 Bf5 32. f3 Nc1 33. Ne3 Nxb3 34. Nc3 Be6 35. g4 Nd4 36. Kg2 Bb3 37. Kf2 a4 38. f4 a3 39. Nf1 a2 40. Nxa2 Bxa2 41. Nd2 Bd5 42. Ke3 Kf6 43. h4 h5 44. Nf1 hxg4 45. Nh2 Nf5+ 46. Kf2 g3+ 47. Kg1 gxh2+ 48. Kxh2 c4 49. Kg1 c3 50. Kf2 c2 51. Ke2 c1Q 52. h5 Bc4+ 53. Kf2 Qf1# 0-1

[Event "Titled Tuesday intern op 31st Jan Late"]
[Site "Chess.com INT"]
[Date "2023.01.31"]
[Round "1"]
[White "Araujo, Everson de Moura"]
[Black "Janaszak, Dawid"]
[Result "0-1"]
[WhiteElo "1944"]
[BlackElo "2322"]
[PlyCount "32"]
[EventDate "2023.01.31"]
[EventType "swiss (blitz)"]
[EventRounds "11"]
[EventCountry "USA"]
[SourceTitle "CBM 212 Extra"]
[Source "ChessBase"]
[SourceDate "2023.03.31"]
[SourceVersion "1"]
[SourceVersionDate "2023.03.31"]
[SourceQuality "1"]

1. c4 e6 2. Nf3 d5 3. e3 Nf6 4. b3 c5 5. cxd5 exd5 6. Bb2 Nc6 7. d4 cxd4 8. Nxd4 Bb4+ 9. Nc3 Ne4 10. Qc2 Qa5 11. Rc1 Qxa2 12. Bb5 0-0 13. Nxc6 bxc6 14. Bxc6 Ba6 15. Bxd5 Nxc3 16. Bxc3 Bxc3+ 0-1

[Event "Titled Tuesday intern op 31st Jan Late"]
[Site "Chess.com INT"]
[Date "2023.01.31"]
[Round "3"]
[White "Grot, Blazej"]
[Black "Araujo, Everson de Moura"]
[Result "1-0"]
[WhiteElo "1844"]
[BlackElo "1944"]
[PlyCount "133"]
[EventDate "2023.01.31"]
[EventType "swiss (blitz)"]
[EventRounds "11"]
[EventCountry "USA"]
[SourceTitle "CBM 212 Extra"]
[Source "ChessBase"]
[SourceDate "2023.03.31"]
[SourceVersion "1"]
[SourceVersionDate "2023.03.31"]
[SourceQuality "1"]

1. e4 e6 2. d3 d5 3. Nd2 Nf6 4. Ngf3 c5 5. g3 Be7 6. Bg2 Nc6 7. 0-0 b5 8. Re1 0-0 9. Nf1 a5 10. h4 Qc7 11. N1h2 Ba6 12. e5 Nd7 13. Bf4 Rfc8 14. h5 h6 15. Ng4 Bf8 16. Nh4 Qd8 17. Qd2 Ra7 18. Bh3 a4 19. a3 Nd4 20. Kg2 b4 21. axb4 cxb4 22. Rxa4 Rxc2 23. Qe3 Bc5 24. Rea1 Nf5 25. Qe1 Nxh4+ 26. gxh4 Qb6 27. Be3 d4 28. Bxh6 Bb7+ 29. Kg1 Qc6 30. Qe4 Rxa4 31. Rxa4 Qxe4 32. dxe4 Bxe4 33. Bf4 Rxb2 34. h6 Rb1+ 35. Kh2 Rh1+ 36. Kg3 Nb6 37. Ra7 Nd5 38. Ra8+ Kh7 39. hxg7 Kxg7 40. Bh6+ Kh7 41. Rf8 Bxf8 42. Bxf8 Ne7 43. Bxe7 b3 44. Nf6+ Kg6 45. Nxe4 b2 46. Nd2 b1Q 47. Nxb1 Rxb1 48. Bg2 Rb3+ 49. Kg4 Rb5 50. f4 d3 51. Be4+ Kg7 52. Bxd3 Rb7 53. Bf6+ Kg8 54. h5 Rb3 55. Be4 Rb4 56. Bc2 Rb2 57. Be4 Re2 58. Bf3 Re1 59. h6 Rg1+ 60. Kh3 Kh7 61. Bg5 Re1 62. Kg3 Rg1+ 63. Kf2 Ra1 64. Be4+ Kh8 65. Bf6+ Kg8 66. h7+ Kf8 67. h8Q# 1-0

[Event "Titled Tuesday intern op 10th Jan Late"]
[Site "Chess.com INT"]
[Date "2023.01.10"]
[Round "1"]
[White "Paszewski, Mateusz"]
[Black "Araujo, Everson de Moura"]
[Result "1-0"]
[WhiteElo "2303"]
[BlackElo "1944"]
[PlyCount "71"]
[EventDate "2023.01.10"]
[EventType "swiss (blitz)"]
[EventRounds "11"]
[EventCountry "USA"]
[SourceTitle "EXT 2024"]
[Source "ChessBase"]
[SourceDate "2023.10.10"]
[SourceVersion "1"]
[SourceVersionDate "2023.10.10"]
[SourceQuality "1"]

1. Nf3 Nf6 2. g3 d5 3. Bg2 e6 4. 0-0 Be7 5. c4 0-0 6. b3 b6 7. Bb2 Bb7 8. cxd5 exd5 9. e3 Nbd7 10. Nc3 c5 11. d4 a6 12. dxc5 bxc5 13. Rc1 Rc8 14. Na4 Qc7 15. Ne1 Bc6 16. Nc3 Rfd8 17. Nd3 Ne4 18. Nf4 Ndf6 19. Nxe4 Nxe4 20. Qc2 Qb7 21. Rfd1 Bf6 22. Bxf6 Nxf6 23. Qxc5 Ne4 24. Qd4 Nf6 25. Rc5 Rd7 26. Rdc1 Rdc7 27. h4 Ne4 28. R5c2 f5 29. Ne6 Re7 30. Nc5 Qa8 31. Nxe4 fxe4 32. Rc5 Rd7 33. Bh3 Rdc7 34. Bxc8 Qxc8 35. Rxc6 Rxc6 36. Qxd5+ 1-0

[Event "Titled Tuesday intern op 03rd Jan Late"]
[Site "Chess.com INT"]
[Date "2023.01.03"]
[Round "2"]
[White "Araujo, Everson de Moura"]
[Black "Khandelwal, Ankush"]
[Result "0-1"]
[WhiteElo "1944"]
[BlackElo "2228"]
[PlyCount "88"]
[EventDate "2023.01.03"]
[EventType "swiss (blitz)"]
[EventRounds "11"]
[EventCountry "USA"]
[SourceTitle "EXT 2024"]
[Source "ChessBase"]
[SourceDate "2023.10.10"]
[SourceVersion "1"]
[SourceVersionDate "2023.10.10"]
[SourceQuality "1"]

1. c4 Nf6 2. Nc3 g6 3. g3 Bg7 4. Bg2 0-0 5. e4 d6 6. Nge2 c5 7. 0-0 Nc6 8. d3 a6 9. h3 Rb8 10. a4 Nd7 11. Be3 Nd4 12. Rb1 f5 13. b3 fxe4 14. Nxe4 Nf3+ 15. Bxf3 Rxf3 16. Nf4 Ne5 17. d4 cxd4 18. Bxd4 Rxf4 19. gxf4 Nf3+ 20. Qxf3 Bxd4 21. Ng5 e6 22. Rbd1 Qf6 23. Ne4 Qg7 24. Nxd6 Bd7 25. Qe4 e5 26. fxe5 Bxe5 27. Nxb7 Bxh3 28. Rfe1 Bc3 29. Qd5+ Kh8 30. Re3 Bf6 31. Rxh3 Rxb7 32. Rhd3 h5 33. Qf3 Rf7 34. Qg3 Be5 35. Qg2 Rf5 36. Rd5 Qf6 37. Rd8+ Kg7 38. Qb7+ Kh6 39. Kf1 Rxf2+ 40. Ke1 Bc3+ 41. R1d2 Rf1+ 42. Ke2 Qf2+ 43. Kd3 Qxd2+ 44. Ke4 Rf4# 0-1

[Event "Titled Tuesday intern op 27th Dec Early"]
[Site "Chess.com INT"]
[Date "2022.12.27"]
[Round "6"]
[White "Araujo, Everson de Moura"]
[Black "Fernandez Garcia, Gumersindo"]
[Result "0-1"]
[WhiteElo "1956"]
[BlackElo "2172"]
[PlyCount "80"]
[EventDate "2022.12.27"]
[EventType "swiss (blitz)"]
[EventRounds "11"]
[EventCountry "USA"]
[SourceTitle "EXT 2024"]
[Source "ChessBase"]
[SourceDate "2023.10.10"]
[SourceVersion "1"]
[SourceVersionDate "2023.10.10"]
[SourceQuality "1"]

1. d4 Nf6 2. Nf3 g6 3. e3 Bg7 4. c4 0-0 5. Be2 d6 6. Nc3 Nbd7 7. e4 e5 8. Be3 Re8 9. d5 Nh5 10. Nd2 Nf4 11. 0-0 Nxe2+ 12. Qxe2 f5 13. f3 a5 14. b3 b6 15. Rac1 f4 16. Bf2 g5 17. a3 h5 18. h3 Nf6 19. b4 axb4 20. axb4 g4 21. hxg4 hxg4 22. fxg4 Nxg4 23. c5 Nxf2 24. Qxf2 bxc5 25. bxc5 Ba6 26. Rfe1 Re7 27. Nf3 Bf8 28. Ra1 Rg7 29. c6 Be7 30. Ra2 Bc4 31. Rb2 Ra3 32. Nb5 Bxb5 33. Rxb5 Qc8 34. Qb2 Qg4 35. Rb8+ Kf7 36. Rf1 Rxf3 37. Rxf3 Qxf3 38. Qd2 Qa3 39. Rb7 Bd8 40. Qf2 Qc1+ 0-1

[Event "Titled Tuesday intern op 27th Dec Late"]
[Site "Chess.com INT"]
[Date "2022.12.27"]
[Round "4"]
[White "Araujo, Everson de Moura"]
[Black "Lorenzo de la Riva, Lazaro"]
[Result "0-1"]
[WhiteElo "1956"]
[BlackElo "2420"]
[PlyCount "68"]
[EventDate "2022.12.27"]
[EventType "swiss (blitz)"]
[EventRounds "11"]
[EventCountry "USA"]
[SourceTitle "EXT 2024"]
[Source "ChessBase"]
[SourceDate "2023.10.10"]
[SourceVersion "1"]
[SourceVersionDate "2023.10.10"]
[SourceQuality "1"]

1. c4 Nf6 2. Nc3 b6 3. d4 Bb7 4. Qc2 g6 5. e4 Bg7 6. e5 Ng8 7. Bf4 d6 8. exd6 cxd6 9. d5 Nf6 10. Nf3 0-0 11. Bd3 Nbd7 12. 0-0 Rc8 13. Qe2 Re8 14. Rfe1 a6 15. Qd2 b5 16. b3 bxc4 17. bxc4 Nb6 18. Rab1 Ba8 19. Rb4 a5 20. Rxb6 Qxb6 21. Rb1 Qd8 22. h4 Nd7 23. Bh6 Bh8 24. h5 Ne5 25. Nxe5 Bxe5 26. hxg6 hxg6 27. Ne4 e6 28. Bg5 Qc7 29. Nf6+ Kh8 30. Qe3 Kg7 31. Bh6+ Kh8 32. Nxe8 Rxe8 33. Qh3 Kg8 34. Bg5 Bg7 0-1

[Event "Titled Tuesday intern op 27th Dec Late"]
[Site "Chess.com INT"]
[Date "2022.12.27"]
[Round "7"]
[White "Araujo, Everson de Moura"]
[Black "Lutz, Igor Oscar"]
[Result "1-0"]
[WhiteElo "1956"]
[BlackElo "2022"]
[PlyCount "29"]
[EventDate "2022.12.27"]
[EventType "swiss (blitz)"]
[EventRounds "11"]
[EventCountry "USA"]
[SourceTitle "EXT 2024"]
[Source "ChessBase"]
[SourceDate "2023.10.10"]
[SourceVersion "1"]
[SourceVersionDate "2023.10.10"]
[SourceQuality "1"]

1. c4 c6 2. Nf3 d5 3. e3 Nf6 4. b3 e6 5. Bb2 Be7 6. d4 Nbd7 7. Nbd2 0-0 8. Bd3 dxc4 9. bxc4 a6 10. 0-0 b5 11. a3 Bb7 12. Qe2 Qc7 13. e4 e5 14. dxe5 Nxe5 15. Bxe5 1-0

[Event "Titled Tuesday intern op 27th Dec Early"]
[Site "Chess.com INT"]
[Date "2022.12.27"]
[Round "10"]
[White "Araujo, Everson de Moura"]
[Black "Novikova, Galina"]
[Result "0-1"]
[WhiteElo "1956"]
[BlackElo "2073"]
[PlyCount "23"]
[EventDate "2022.12.27"]
[EventType "swiss (blitz)"]
[EventRounds "11"]
[EventCountry "USA"]
[SourceTitle "EXT 2024"]
[Source "ChessBase"]
[SourceDate "2023.10.10"]
[SourceVersion "1"]
[SourceVersionDate "2023.10.10"]
[SourceQuality "1"]

1. d4 d5 2. Nf3 Nc6 3. e3 Bg4 4. h3 Bf5 5. g4 Bg6 6. Nh4 e5 7. Bg2 Qxh4 8. Bxd5 Nge7 9. dxe5 0-0-0 10. c4 Nxd5 11. cxd5 Be4 12. Rh2 0-1

[Event "Titled Tuesday intern op 27th Dec Early"]
[Site "Chess.com INT"]
[Date "2022.12.27"]
[Round "7"]
[White "Araujo, Everson de Moura"]
[Black "Vifleemskaia, Svetlana"]
[Result "1-0"]
[WhiteElo "1956"]
[BlackElo "1947"]
[PlyCount "127"]
[EventDate "2022.12.27"]
[EventType "swiss (blitz)"]
[EventRounds "11"]
[EventCountry "USA"]
[SourceTitle "EXT 2024"]
[Source "ChessBase"]
[SourceDate "2023.10.10"]
[SourceVersion "1"]
[SourceVersionDate "2023.10.10"]
[SourceQuality "1"]

1. d4 Nf6 2. Nf3 d5 3. e3 c5 4. Bd3 Nc6 5. b3 Bg4 6. Bb2 Rc8 7. Nbd2 cxd4 8. exd4 Nb4 9. Bb5+ Bd7 10. Bxd7+ Qxd7 11. 0-0 Nxc2 12. Ne5 Qf5 13. Rc1 Nb4 14. Qe2 a6 15. a3 Nc6 16. Nxc6 Rxc6 17. Rxc6 bxc6 18. Rc1 Ne4 19. Nxe4 Qxe4 20. Qxe4 dxe4 21. Rxc6 Kd7 22. Rxa6 g6 23. d5 f6 24. Re6 Bh6 25. Rxe4 Rc8 26. Re2 Kd6 27. h4 Rc5 28. g3 Rxd5 29. Rc2 e5 30. a4 Bd2 31. Ba3+ Kd7 32. b4 Rd4 33. b5 Ba5 34. Bc5 Rxa4 35. b6 Ra1+ 36. Kg2 Rb1 37. Ra2 Bxb6 38. Rd2+ Ke6 39. Rd6+ Kf5 40. Rxb6 Rc1 41. Be3 Rc2 42. Rb7 h5 43. Rb6 g5 44. hxg5 fxg5 45. Rb5 Re2 46. Kf3 Rc2 47. Bd4 g4+ 48. Kg2 Ke4 49. Bxe5 Ra2 50. Bf4 h4 51. Rb4+ Kf5 52. gxh4 Ra3 53. Be3 Rd3 54. Kg3 Rd1 55. Rf4+ Ke5 56. Rxg4 Rg1+ 57. Kf3 Rh1 58. Bf4+ Kf5 59. Bg3 Rh3 60. Rg8 Rh1 61. Kg2 Rd1 62. h5 Kf6 63. Bf4 Rd4 64. Be3 1-0

[Event "Titled Tuesday intern op 27th Dec Late"]
[Site "Chess.com INT"]
[Date "2022.12.27"]
[Round "2"]
[White "Fishbein, Alexander"]
[Black "Araujo, Everson de Moura"]
[Result "1-0"]
[WhiteElo "2389"]
[BlackElo "1956"]
[PlyCount "59"]
[EventDate "2022.12.27"]
[EventType "swiss (blitz)"]
[EventRounds "11"]
[EventCountry "USA"]
[SourceTitle "EXT 2024"]
[Source "ChessBase"]
[SourceDate "2023.10.10"]
[SourceVersion "1"]
[SourceVersionDate "2023.10.10"]
[SourceQuality "1"]

1. e4 e6 2. d4 d5 3. Nc3 Nf6 4. Bg5 Be7 5. e5 Nfd7 6. h4 c5 7. Bxe7 Qxe7 8. Nb5 Na6 9. Nd6+ Kf8 10. Bxa6 bxa6 11. Nf3 Rb8 12. b3 f6 13. Qd2 cxd4 14. Qxd4 fxe5 15. Nxc8 exd4 16. Nxe7 Kxe7 17. Nxd4 Rbc8 18. 0-0-0 Rhf8 19. Rhe1 e5 20. Rd2 Kd6 21. Nf3 Rc3 22. Kb2 Rfc8 23. Ng5 Ke7 24. f4 h6 25. Nf3 e4 26. Rxd5 Rxc2+ 27. Ka3 Rxg2 28. Rxe4+ Kd8 29. Ne5 Rc7 30. Red4 1-0

[Event "Titled Tuesday intern op 27th Dec Early"]
[Site "Chess.com INT"]
[Date "2022.12.27"]
[Round "1"]
[White "Roebers, Eline"]
[Black "Araujo, Everson de Moura"]
[Result "1-0"]
[WhiteElo "2343"]
[BlackElo "1956"]
[PlyCount "61"]
[EventDate "2022.12.27"]
[EventType "swiss (blitz)"]
[EventRounds "11"]
[EventCountry "USA"]
[SourceTitle "EXT 2024"]
[Source "ChessBase"]
[SourceDate "2023.10.10"]
[SourceVersion "1"]
[SourceVersionDate "2023.10.10"]
[SourceQuality "1"]

1. e4 e6 2. d4 d5 3. Bd3 c5 4. exd5 Qxd5 5. Nc3 Qd8 6. Nf3 Nf6 7. Bf4 a6 8. 0-0 Nc6 9. Ne2 Be7 10. c3 0-0 11. Qd2 Nh5 12. Be3 g6 13. dxc5 Qc7 14. Ned4 Bxc5 15. Nxe6 Bxe6 16. Bxc5 Rfd8 17. Qe3 Rd5 18. Bb6 Qd7 19. Bc4 Rf5 20. Rad1 Qe7 21. Bd3 Rxf3 22. Qxf3 Ne5 23. Qe2 Bg4 24. f3 Nf4 25. Qc2 Nexd3 26. fxg4 Ne2+ 27. Kh1 Ndf4 28. Rde1 Qd6 29. Be3 Qc6 30. Bxf4 Nxf4 31. Rxf4 1-0

[Event "Titled Tuesday intern op 20th Dec Late"]
[Site "Chess.com INT"]
[Date "2022.12.20"]
[Round "11"]
[White "Araujo, Everson de Moura"]
[Black "Antonio, Jorge Carlos"]
[Result "0-1"]
[WhiteElo "1956"]
[BlackElo "2277"]
[PlyCount "86"]
[EventDate "2022.12.20"]
[EventType "swiss (blitz)"]
[EventRounds "11"]
[EventCountry "USA"]
[SourceTitle "EXT 2024"]
[Source "ChessBase"]
[SourceDate "2023.10.10"]
[SourceVersion "1"]
[SourceVersionDate "2023.10.10"]
[SourceQuality "1"]

1. c4 e5 2. Nc3 Nc6 3. Nf3 f5 4. d3 Nf6 5. g3 Bb4 6. Bd2 d6 7. Bg2 0-0 8. a3 Bxc3 9. Bxc3 Qe8 10. 0-0 Qh5 11. b4 Ng4 12. e3 Qh6 13. h3 Nf6 14. d4 e4 15. Ne1 Ne7 16. d5 Bd7 17. Nc2 Ba4 18. Qd2 Bd7 19. Nd4 g5 20. Bb2 Rae8 21. Rad1 Ng6 22. Qc3 Ne5 23. f4 exf3 24. Nxf3 Ne4 25. Qd4 Nxg3 26. Nxe5 Ne2+ 27. Kh1 Nxd4 28. Nxd7 Rf7 29. Bxd4 Rxd7 30. Rxf5 Rf7 31. Rdf1 Rxf5 32. Rxf5 g4 33. Rf6 Qh4 34. Rf4 Qe1+ 35. Rf1 Qe2 36. hxg4 Rxe3 37. Bxe3 Qxe3 38. Rf3 Qc1+ 39. Kh2 Qxc4 40. Re3 Kf7 41. Re6 Qf4+ 42. Kh3 c6 43. Re3 Qxe3+ 0-1